Harry Potter Diagon Alley Shops - Statistics

General Stats
  • This quiz has been taken 470 times
  • The average score is 6 of 15
Answer Stats
Commodity Diagon Alley Shop % Correct
Wands Ollivanders
92%
Money Gringotts Wizarding Bank
79%
Books Flourish and Blotts
57%
Joke Items Weasley's Wizard Wheezes
57%
Clothes Madam Malkin's Robes for All Occasions
52%
Alcohol The Leaky Cauldron
49%
Owls Eeylops Owl Emporium
45%
Ice Cream Florean Fortescue's Ice Cream Parlour
44%
Broomsticks Quality Quidditch Supplies
22%
Potion Ingredients The Apothecary
19%
Animals Magical Menagerie
18%
Clothes Twilfitt and Tatting's
9%
Joke Items Gambol and Japes Wizarding Joke Shop
8%
Cauldrons Potage's Cauldron Shop
6%
Quills Scribbulus Writing Instruments
6%
No matching quizzes found
Score Distribution
Percent of People with Each Score
Percentile by Number Answered
Your Score History
You have not taken this quiz